000 05877cam a22018374i 4500
003 PE-LiUPU
005 20250813165856.0
008 150706s20 ck a rb 000 0 spa d
020 _a9583325805
035 _a(Sirsi) i9789583325809
040 _aPE-LiUPU
_bspa
_cPE-LiUPU
_erda
049 _aPRUA
082 0 4 _a631.584
_bR84
_221
100 1 _aRosas Roa, Antonio,
_d1929- ,
_eautor.
245 1 0 _aAgricultura orgánica práctica :
_balternativas tecnológicas para un agricultor sostenible y sustentable /
_cAntonio Rosas Roa ; Arturo Salinas Muñoz.
250 _aQuinta edición.
264 1 _aBogotá :
_bGrupo Agrovereda,
_c[20--].
300 _a578 páginas :
_bilustraciones ;
_c22 centímetros
336 _atext
_2rdacontent
337 _aunmediated
_2rdamedia
338 _avolume
_2rdacarrier
504 _aIncluye bibliografía.
505 0 _aEcosistemas y agricultura ecológica ecuatorial -- Factores biogegráficos en los ecosistemas -- Principios de agricultura ecológica -- Corrientes o métodos de agricultura sostenible -- Fases lunares en agricultura -- Fases de la luna -- Manejo y conservación del suelo -- Propiedades de los suelos -- Micorrizas en la agricultura -- Micorrizas vesículo-arbusculares (M.V.A.) -- Lombricultura o vermicultura -- Criador de las lombrices -- Agricultura de sol y de malezas -- Bondades de la biotecnología tropical -- Microorganismos benéficos en agricultura -- Principales microorganismos benéficos -- Abonos compostados -- Elementos que integran un buen compostaje -- Generalidades de caldos microbianos -- Materiales para la preparación de caldos microbianos -- Preparación de caldos microbianos -- Biodigestores -- Desarrollo de los biodigestores -- El recurso hídrico en agricultura ecológica -- Necesidades de agua en los cultivos -- Manejo fitosanitario en cultivos ecológicos -- Control cultural -- Manejo alelopático de los cultivos -- Tipo de control alelopático -- Insecticidas biológicos de origen botánico -- Métodos y espectros de acción botánica sobre los insectos -- Herbología veterinaria, -Uso y preparación de plantas medicinales -- Normatización sobre agricultura ecológica -- Resolución 0187 de 31 de julio de 2006. Reglamento general -- Certificación de productos ecológicos -- Sistema de certificación en Colombia -- Trazabilidad en alimentos -- Aplicación de la trazabilidad en la empresa alimentaria -- Importancia del sistema -- Organización y comercialización de la producción agropecuaria -- Financiamiento de la producción agropecuaria -- Productos y servicios para la producción sostenible.
526 _aP203
526 _aP200
526 _aSEG65
526 _aSEG64
526 _aSEG63
526 _aSEG62
526 _aSEG61
526 _aSEG60
526 _aSEG59
526 _aSEG58
526 _aSEG57
526 _aSEG56
526 _aSEG55
526 _aSEG54
526 _aSEG53
526 _aSEG52
526 _aSEG51
526 _aSEG50
526 _aSEG49
526 _aSEG48
526 _aSEG47
526 _aSEG46
526 _aSEG24
526 _aSEG23
526 _aSEG22
526 _aSEG21
526 _aSEG20
526 _aSEG19
526 _aSEG18
526 _aSEG17
526 _aSEG16
526 _aSEG14
526 _aSEG13
526 _aSEG12
526 _aSEG11
526 _aSEG10
526 _aSEG09
526 _aSEG06
526 _aSEG05
526 _aSEG04
526 _aSEG03
526 _aSEG02
526 _aSEG68
526 _aSEG66
526 _aSEG45
526 _aSEG25
526 _aSEG01
526 _aP163
526 _aP162
526 _aP161
526 _aP160
526 _aP159
526 _aP158
526 _aP157
526 _aP156
526 _aP155
526 _aP154
526 _aP153
526 _aP152
526 _aP151
526 _aP150
526 _aP149
526 _aP142
526 _aP141
526 _aP140
526 _aP139
526 _aP138
526 _aP137
526 _aP132
526 _aP131
526 _aP130
526 _aP126
526 _aP125
526 _aP124
526 _aP123
526 _aP115
526 _aP122
526 _aP121
526 _aP116
526 _a P114
526 _aP112
526 _aP111
526 _aP104
526 _aP103
526 _aP102
526 _aP101
526 _aP100
526 _aP96
526 _aP95
526 _aP93
526 _aP92
526 _aP91
526 _aP88
526 _aP83
526 _aP82
526 _aP79
526 _aP78
526 _aP75
526 _aP74
526 _aP71
526 _aP69
526 _a P51
526 _aP49
526 _aP48
526 _aP47
526 _aP33
526 _aP31
526 _a P30
526 _aP29
526 _aP27
526 _aP26
526 _aP25
526 _aP24
526 _a P22
526 _aP10
526 _aP09
526 _a P08
526 _aP06
526 _aP05
526 _aP04
526 _aP01
541 _g003-001257;
650 1 4 _aAgricultura biológica.
650 2 4 _aEcología agrícola.
650 2 4 _aTecnología agrícola.
700 1 _aSalinas, Arturo.
910 _agl
_bjv
_clch
_d201200809
942 _2ddc
_cBOOK
949 _a631.584 R84
_wDEWEY
_c1
_i65280
_lCCODEBUL1
_mBUL
_p82.00
_r0
_sY
_tBOOK
_u2015-7-6
_xSALUD
_PP31
_o.STAFF. Colección General
994 _aC0
_bPEPRU
596 _a1
999 _a631.584 R84
_wDEWEY
_c53867
_i65280
_d53867
_e2018-4-2
_f2021-11-9
_g5
_lCCODEBUL1
_mBUL
_n6
_p82.00
_r0
_sY
_tBOOK
_u2015-7-6
_xINGENIERIA
_PP31
_0COMPRA
_o.STAFF. Colección Ciencias de la Salud
980 _81
_gALBERTO SANCHEZ Responsable de Automatización